000
00227 a2200097 4500
001
34669
100
_a
Rutledge, Patfrice Anne
245
_a
Access 2000 Fast and Easy
260
_a
New Delhi
_b
BPB
_c
1999
090
_c
22953
_d
22953
942
_a
NUST-CAE
_c
M
_c
14395
999
_c
269742
_d
269742